000 00782nam a2200253Ia 4500
003 OSt
005 20221005110941.0
006 a|||||r|||| 00| 0
007 ta
008 221004b |||||||| |||| 00| 0 hin d
024 _a61457
037 _cTextual
040 _aCRL
_cCRL
_bhin
041 _2hin
_ahin
082 _aO152,3N42x, M4
100 _aसैनी, राजकुमार
245 0 _aसमर्पण
246 _aSamarpaṇa
260 _aनई दिल्ली
_bराजधानी प्रकाशन भारत
_c1984
300 _a79पृ0
_ccm.
650 _aहिन्दी साहित्य
942 _hO152,3N42x, M4
_cTEXL
_2cc
999 _c1020347
_d1020347